000 00457nam a2200181Ia 4500
003 LK-CoDNM
008 010623t1917 xxu||||| |||| 00| 1 sin d
040 _aLK-CoDNM
_dLK-CoDNM
_eLK-CoDNM
041 _asin
080 _a104 D.22
100 _aSucharitharathna A.M
_eed.
245 _aදළඳා වරුණය,
246 _aDalada varunaya
260 _bK.A.D.Luvis
_aKandy
_c[1916]
300 _b14p., 14 cm
650 _aTooth Relic
942 _cBK
999 _c89328
_d89328